000 01130cam a2200325 a 4500
001 2372
005 20240701092947.0
020 _a0679986634 (lib. bdg.)
020 _a9780439137522
020 _a067988663X (pbk.)
040 _aDLC
_cDLC
_dDLC
_beng
050 0 0 _aPZ7.P2197
_bJtwj 1997
082 0 0 _a813.54
_221
100 1 _aPark, Barbara
245 1 0 _aJunie B. Jones is a party animal /
_cby Barbara Park ; illustrated by Denise Brunkus.
250 _aFirst Scholastic printing, January 1999
260 _aNew York :
_bScholastic,
_c1997
300 _a71 pages :
_billustrations ;
_c20 cm
490 1 _aThe Junie B. Jones series ;
_vBook 10
500 _a"A Stepping Stone book."
505 _aK
520 _aLucille invites Junie B. and her friend Grace to sleep over at her very rich nanna's house, where everything is beautiful, expensive, and breakable.
521 _a530
_bLexile
521 _aK
_bRaz-Plus
650 1 _aGrandmothers
_xFiction.
650 1 _aWealth
_xFiction.
700 1 _aBrunkus, Denise
_eillustrator
906 _a7
_bcbc
_corignew
_d1
_eocip
_f19
_gy-gencatlg
942 _2ddc
_cBK
_n0
999 _c2372
_d2372